<?xml version="1.0" encoding="UTF-8"?>
<record
    xmlns:xsi="http://www.w3.org/2001/XMLSchema-instance"
    xsi:schemaLocation="http://www.loc.gov/MARC21/slim http://www.loc.gov/standards/marcxml/schema/MARC21slim.xsd"
    xmlns="http://www.loc.gov/MARC21/slim">

  <leader>00535nam a2200181   4500</leader>
  <controlfield tag="003">SEACOMMC</controlfield>
  <controlfield tag="005">20250513155226.0</controlfield>
  <controlfield tag="008">250409b        |||||||| |||| 00| 0 eng d</controlfield>
  <datafield tag="020" ind1=" " ind2=" ">
    <subfield code="a">81-219-2215-1</subfield>
    <subfield code="c">Rs.325.00</subfield>
  </datafield>
  <datafield tag="040" ind1=" " ind2=" ">
    <subfield code="a">SEACOMMC</subfield>
  </datafield>
  <datafield tag="082" ind1=" " ind2=" ">
    <subfield code="a"> 621.3815</subfield>
    <subfield code="b">S 617</subfield>
  </datafield>
  <datafield tag="100" ind1=" " ind2=" ">
    <subfield code="a"> Singh, Anokh</subfield>
  </datafield>
  <datafield tag="245" ind1="1" ind2=" ">
    <subfield code="a">Fundamentals of Digital Electronics and Microprocessors /</subfield>
    <subfield code="c"> Anokh Singh [and] A.K. Chhabra</subfield>
  </datafield>
  <datafield tag="250" ind1=" " ind2=" ">
    <subfield code="a">3rd rev.&amp;enlarged ed.</subfield>
  </datafield>
  <datafield tag="260" ind1=" " ind2=" ">
    <subfield code="a"> New Delhi</subfield>
    <subfield code="b"> S. Chand Publishers</subfield>
    <subfield code="c"> 2009</subfield>
  </datafield>
  <datafield tag="650" ind1=" " ind2=" ">
    <subfield code="a">Electronics</subfield>
  </datafield>
  <datafield tag="942" ind1=" " ind2=" ">
    <subfield code="c">BOOK</subfield>
  </datafield>
  <datafield tag="952" ind1=" " ind2=" ">
    <subfield code="0">0</subfield>
    <subfield code="1">0</subfield>
    <subfield code="2">ddc</subfield>
    <subfield code="4">0</subfield>
    <subfield code="7">0</subfield>
    <subfield code="a">SEACOMMC</subfield>
    <subfield code="b">SEACOMMC</subfield>
    <subfield code="c">REF</subfield>
    <subfield code="d">2010-11-01</subfield>
    <subfield code="l">0</subfield>
    <subfield code="o"> 621.3815 S 617</subfield>
    <subfield code="p">M-2941</subfield>
    <subfield code="r">2025-04-09 12:56:15</subfield>
    <subfield code="w">2025-04-09</subfield>
    <subfield code="y">REF</subfield>
  </datafield>
  <datafield tag="952" ind1=" " ind2=" ">
    <subfield code="0">0</subfield>
    <subfield code="1">0</subfield>
    <subfield code="2">ddc</subfield>
    <subfield code="4">0</subfield>
    <subfield code="7">0</subfield>
    <subfield code="a">SEACOMMC</subfield>
    <subfield code="b">SEACOMMC</subfield>
    <subfield code="d">2010-11-01</subfield>
    <subfield code="l">0</subfield>
    <subfield code="o"> 621.3815 S 617</subfield>
    <subfield code="p">M-2942</subfield>
    <subfield code="r">2025-04-09 12:56:58</subfield>
    <subfield code="t">1</subfield>
    <subfield code="w">2025-04-09</subfield>
    <subfield code="y">BOOK</subfield>
  </datafield>
  <datafield tag="952" ind1=" " ind2=" ">
    <subfield code="0">0</subfield>
    <subfield code="1">0</subfield>
    <subfield code="2">ddc</subfield>
    <subfield code="4">0</subfield>
    <subfield code="7">0</subfield>
    <subfield code="a">SEACOMMC</subfield>
    <subfield code="b">SEACOMMC</subfield>
    <subfield code="d">2010-11-01</subfield>
    <subfield code="l">0</subfield>
    <subfield code="o"> 621.3815 S 617</subfield>
    <subfield code="p">M-2943</subfield>
    <subfield code="r">2025-04-09 12:56:58</subfield>
    <subfield code="t">2</subfield>
    <subfield code="w">2025-04-09</subfield>
    <subfield code="y">BOOK</subfield>
  </datafield>
  <datafield tag="952" ind1=" " ind2=" ">
    <subfield code="0">0</subfield>
    <subfield code="1">0</subfield>
    <subfield code="2">ddc</subfield>
    <subfield code="4">0</subfield>
    <subfield code="7">0</subfield>
    <subfield code="a">SEACOMMC</subfield>
    <subfield code="b">SEACOMMC</subfield>
    <subfield code="d">2010-11-01</subfield>
    <subfield code="l">0</subfield>
    <subfield code="o"> 621.3815 S 617</subfield>
    <subfield code="p">M-2944</subfield>
    <subfield code="r">2025-04-09 12:56:58</subfield>
    <subfield code="t">3</subfield>
    <subfield code="w">2025-04-09</subfield>
    <subfield code="y">BOOK</subfield>
  </datafield>
  <datafield tag="952" ind1=" " ind2=" ">
    <subfield code="0">0</subfield>
    <subfield code="1">0</subfield>
    <subfield code="2">ddc</subfield>
    <subfield code="4">0</subfield>
    <subfield code="7">0</subfield>
    <subfield code="a">SEACOMMC</subfield>
    <subfield code="b">SEACOMMC</subfield>
    <subfield code="d">2010-11-01</subfield>
    <subfield code="l">0</subfield>
    <subfield code="o"> 621.3815 S 617</subfield>
    <subfield code="p">M-2945</subfield>
    <subfield code="r">2025-04-09 12:56:58</subfield>
    <subfield code="t">4</subfield>
    <subfield code="w">2025-04-09</subfield>
    <subfield code="y">BOOK</subfield>
  </datafield>
  <datafield tag="952" ind1=" " ind2=" ">
    <subfield code="0">0</subfield>
    <subfield code="1">0</subfield>
    <subfield code="2">ddc</subfield>
    <subfield code="4">0</subfield>
    <subfield code="7">0</subfield>
    <subfield code="a">SEACOMMC</subfield>
    <subfield code="b">SEACOMMC</subfield>
    <subfield code="d">2010-11-01</subfield>
    <subfield code="l">0</subfield>
    <subfield code="o"> 621.3815 S 617</subfield>
    <subfield code="p">M-2946</subfield>
    <subfield code="r">2025-04-09 12:56:58</subfield>
    <subfield code="t">5</subfield>
    <subfield code="w">2025-04-09</subfield>
    <subfield code="y">BOOK</subfield>
  </datafield>
  <datafield tag="999" ind1=" " ind2=" ">
    <subfield code="c">1188</subfield>
    <subfield code="d">1188</subfield>
  </datafield>
</record>
